000 00877cab a2200289 4500
001 WB3025-15
008 090401t1994 xxu||||| |||| 00| 0 eng d
035 _a(Sirsi) u27482
041 _aeng
245 _aProperty values hit by gilt yield rise
260 _c1994
350 _a0
490 _aProperty Week
_v47(13) 30 June 1994, 4(1)
520 _aCapital values are falling as gilt yields rise. The value of over-rented property in London has fallen by 15% since February.
650 _aBOURNEMOUTH
650 _aCAPITAL VALUES
650 _aCROYDON
650 _aGILT YIELDS
650 _aINSTITUTIONAL PROPERTY FORECASTING SERVICES
650 _aIPFS
650 _aOVER-RENTED PROPERTY
650 _aRACK-RENTED
650 _aVACANCY RATE
690 _aPROPERTY-COMMERCIAL PROPERTY-COMMERCIAL PROPERTY MARKET
942 _n0
948 _c04/03/1997
999 _c18497
_d18497